| 000 | 00396cam a2200169ua 4500 | ||
|---|---|---|---|
| 020 | _c18.00 | ||
| 041 |
_aeng _h |
||
| 082 |
_a635.93451 _bRAO/OR |
||
| 100 | _aRao, A S . | ||
| 245 |
_aOrchids of India / _cA S Rao. _hTextual Documents |
||
| 260 |
_aIndia : _bNational Book Trust , _c1979. |
||
| 300 | _a103 ; . | ||
| 365 | _a18.00 | ||
| 504 | _a | ||
| 942 | _cBK | ||
| 999 |
_c9458 _d9458 |
||